000 00310nam a22001337a 4500
008 170202b xxu||||| |||| 00| 0 eng d
020 _a9780763751616
041 _aeng
080 _24TH
_a61
100 _a3
101 _aSHM
245 _aEPIDEMIOLOGY FOR PUBLIC HEALTH PRACTICE
_cFRIIS, R.H
942 _2udc
_cBK
999 _c4361
_d4361